00737nam a2200169Ia 4500008004100000024006500041082001700106100008900123110002600212245001300238260002500251600002100276650003800297856010700335952010800442999001700550250506s9999 xx 000 0 und d a19B-016-CS, 19B-026-CS, 19B-028-CS, 19B-046-CS, & 19B-069-CS a005.1072 KHA aAshar Ullah Khan, Muhammad Shah, Moiz Ahmed Khan, Muhammad Faraz Javaid, & Hania Ali aProf. Syed Faisal Ali 0aANY EXAM aKarachi:bUIT,c2019 aComputer Science aBachelor of Computer Science (BS) uhttps://drive.google.com/file/d/1G5DeftgwMieBLXs0Ib2463IriRLF8W7Q/view?usp=sharingyClick here for PDF 001040708PR-CSaUITUbUITUd2024-09-10l0o005.1072 KHApBS-654r2025-05-06 11:34:49w2025-05-06yPR c29227d29227